The noble scholar, jurist, historian


 His Excellency Dr. Abdul Wahhab bin Ibrahim Abu Sulaiman, may Allah have mercy on him.


 He was born in Umm Al-Qura in the year 1356 AH.

منافرة عامر بن الطفيل وعلقمة بن علاثة العامريين وأثرها في الشعر الجاهلي / (Record no. 5061)

MARC details
000 -LEADER
fixed length control field 01454cam a22002891i 4500
003 - CONTROL NUMBER IDENTIFIER
control field SA-RiAUC
005 - DATE AND TIME OF LATEST TRANSACTION
control field 20250121075440.0
008 - FIXED-LENGTH DATA ELEMENTS--GENERAL INFORMATION
fixed length control field 250119s1997 su g f000 0 ara c
020 ## - INTERNATIONAL STANDARD BOOK NUMBER
International Standard Book Number 996003139X
020 ## - INTERNATIONAL STANDARD BOOK NUMBER
International Standard Book Number 9773272923
040 ## - CATALOGING SOURCE
Original cataloging agency SA-RiAUC
Language of cataloging ara
Transcribing agency SA-RiAUC
Description conventions rda
082 04 - DEWEY DECIMAL CLASSIFICATION NUMBER
Classification number 811.1
Assigning agency SA-RiAUC
090 ## - LOCALLY ASSIGNED LC-TYPE CALL NUMBER (OCLC); LOCAL CALL NUMBER (RLIN)
Classification number (OCLC) (R) ; Classification number, CALL (RLIN) (NR) 811.1
Local cutter number (OCLC) ; Book number/undivided call number, CALL (RLIN) ز ا ي
100 1# - MAIN ENTRY--PERSONAL NAME
Personal name الزايدي، حمد عبد الله،
Dates associated with a name 1370 هجري-
Relator term مؤلف.
245 10 - TITLE STATEMENT
Title منافرة عامر بن الطفيل وعلقمة بن علاثة العامريين وأثرها في الشعر الجاهلي /
Statement of responsibility, etc. حمد عبد الله الزايدي.
264 #1 - PRODUCTION, PUBLICATION, DISTRIBUTION, MANUFACTURE, AND COPYRIGHT NOTICE
Place of production, publication, distribution, manufacture مكة المكرمة :
Name of producer, publisher, distributor, manufacturer جامعة أم القرى، معهد البحوث العلمية وإحياء التراث الإسلامي،
Date of production, publication, distribution, manufacture, or copyright notice 1997
300 ## - PHYSICAL DESCRIPTION
Extent 88 صفحة ؛
Dimensions 24 سم.
336 ## - CONTENT TYPE
Content type term نص
Content type code txt
Source rdacontent
Materials specified كتاب
337 ## - MEDIA TYPE
Media type term بدون وسيط
Media type code n
Source rdamedia
338 ## - CARRIER TYPE
Carrier type term مجلد
Carrier type code nc
Source rdacarrier
490 0# - SERIES STATEMENT
Series statement سلسلة بحوث اللغة العربية وآدابها
600 07 - SUBJECT ADDED ENTRY--PERSONAL NAME
Personal name عامر بن الطفيل بن مالك بن جعفر،
Dates associated with a name 70 قبل الهجرة-11 هجري
General subdivision نقد وتفسير
Source of heading or term aucnm
600 07 - SUBJECT ADDED ENTRY--PERSONAL NAME
Personal name علقمة بن علاثة بن عوف الكلابي،
Dates associated with a name توفي حوالي 20 هجري
General subdivision نقد وتفسير
Source of heading or term aucnm
650 #7 - SUBJECT ADDED ENTRY--TOPICAL TERM
Topical term or geographic name entry element الشعر العربي
General subdivision تاريخ ونقد
Chronological subdivision العصر الجاهلي
Source of heading or term aucsh
942 ## - ADDED ENTRY ELEMENTS (KOHA)
Source of classification or shelving scheme Dewey Decimal Classification
Koha item type Books
Suppress in OPAC No
949 ## - LOCAL PROCESSING INFORMATION (OCLC)
a SA-JeALM
d 250119
u mohamedma123
n 1
Holdings
Withdrawn status Lost status Source of classification or shelving scheme Damaged status Not for loan Home library Current library Date acquired Total checkouts Full call number Barcode Date last seen Price effective from Koha item type
    Dewey Decimal Classification     DR AbdElwahab Library DR AbdElwahab Library 01/21/2025   811.1 ز ا ي 000008050 01/21/2025 01/21/2025 Books